000 00532nam a22001817a 4500
005 20251108175213.0
008 250721s1999 xx 000 0 ara d
082 1 4 _a811.009/عيد
100 1 _aعيد، ميخائيل
245 1 0 _aوجوه ومرايا /
264 1 _aدمشق _ سوريا :
_bمنشورات اتحاد الكتاب العرب،
_c1999.
300 _a272ص.
650 1 7 _aالنقد الادبي
650 1 7 _aالشعر العربي
650 1 7 _aالتراجم
942 _2ddc
_cBK
999 _c128609
_d128609